| 000 | 00547nam a22001937a 4500 | ||
|---|---|---|---|
| 003 | OSt | ||
| 005 | 20140310182218.0 | ||
| 008 | 130909t xxu||||| |||| 00| 0 eng d | ||
| 020 | _a1852400897 | ||
| 050 |
_aBT 872 _b.P339 1993 |
||
| 082 |
_aHS 232.97 _bP28 1993 |
||
| 100 |
_aPawson, David _917160 |
||
| 245 |
_a Explaining the resurrection / _cJ. David Pawson. |
||
| 260 |
_aEngland : _bSovereign world Ltd, _cc1993. |
||
| 300 |
_a80 p. : _c20 cm. |
||
| 650 |
_a Jesus Christ _xresurrection. _917161 |
||
| 942 |
_2lcc _cHS |
||
| 999 |
_c10648 _d10648 |
||